000 00494nam a2200193Ia 4500
003 GCL
008 140319s9999 xx 000 0 eng d
040 _aGCL /
_cGCL
082 0 4 _a759
_bN J
100 1 _aNATEUIL, LUCDE
245 1 0 _aJACQUES LOUIS DAVID /
_cNATEUIL, LUCDE
260 _a[S.N] :
_bHARRY N. ABRAMS. ،
_c1985
300 _a186 PP
650 0 4 _aPAINTING
650 0 4 _aPAINTERS
650 0 4 _aDAVID JACQUES LOUIS, 1748-1825
650 0 4 _aFRANCE - PAINTERS
942 _2ddc
_cBK
999 _c19075
_d19075